|
|
|
|
| LEADER |
00000nam a22000007a 4500 |
| 005 |
20210111222143.0 |
| 007 |
cr|||| |||| |
| 008 |
210111s2011 br |||||s|||| 00||0 por d |
| 020 |
|
|
|a 978-85-89917-56-8
|
| 035 |
|
|
|a 32505
|
| 040 |
|
|
|a vLex
|
| 090 |
|
|
|c 11069
|d 11069
|
| 100 |
1 |
|
|a Sanches Monassa, Clarissa Chagas
|
| 245 |
1 |
0 |
|a Sociedade Tecnolg̤ica Relaė̳s Jurd̕icas Internacionais de Comřcio ̉Luz do Princp̕io da Ética da Responsabilidade de Hans Jonas
|h [Recurso electrn̤ico] /
|c Clarissa Chagas Sanches Monassa
|
| 256 |
|
|
|a Servicio en ln̕ea
|
| 260 |
|
|
|a San Pablo:
|b Letras Jurídicas Editora,
|c 2011
|
| 300 |
|
|
|a 1 recurso electrn̤ico
|
| 500 |
|
|
|a O presente livro "Sociedade Tecnolg̤ica - Relaė̳s Jurd̕icas Internacionais de Comřcio" traz como temt̀ica principal a sociedade tecnolg̤ica, sob o ponto de vista dos negc̤ios internacionais de comřcio e da ťica envolvida nestas relaė̳s alm̌-fronteiras, procura discutir alguns dos principais pontos de conflito entre a questô do comřcio e at ̌onde este pode se auto regulamentar sem se preocupar com queste̳s de fundo ťico, ou seja, sem impor limites ̉exploraȯ̂ tecnolg̤ica e suas formas de comercializaȯ̂.
|
| 506 |
1 |
|
|a Disponible solo en los productos indicados
|d vLex Global
|d vLex Global (Academic Edition, excluding Law Schools)
|d vLex Global (U.S. Academic Edition, Law Schools)
|d vLex Global (U.S. Academic Edition, excluding Law Schools)
|d vLex Global (Academic Edition, Law Schools)
|
| 650 |
0 |
4 |
|a Derecho Internacional
|z Brasil
|
| 740 |
0 |
|
|a vLex Libros (Servicio en ln̕ea)
|
| 856 |
4 |
0 |
|u http://vlex.com/source/sociedade-tecnologica-rela-es-juridicas-internacionais-de-comercio-a-luz-do-principio-da-etica-da-responsabilidade-de-hans-jonas-32505
|z Acceso restringido
|
| 942 |
|
|
|c BOOK
|
| 999 |
0 |
|
|a International right
|